| 000 | 00675nam a22002057a 4500 | ||
|---|---|---|---|
| 003 | OSt | ||
| 005 | 20260212123345.0 | ||
| 008 | 160219b xxu||||| |||| 00| 0 eng d | ||
| 020 | _a05-699-2004-1 | ||
| 040 | _cLahore University of Management Sciences | ||
| 082 | _a174.4 LUM 2016 | ||
| 100 |
_aZafar I Qureshi _9133165 |
||
| 245 |
_aSELECTION AT DESCON _cZafar I Qureshi |
||
| 260 |
_aLahore _bLahore University of Management Sciences _c2004 |
||
| 300 |
_a21 p. _bPapers |
||
| 440 |
_aSELECTION AT DESCON _9133166 |
||
| 590 | _6http://10.250.8.41:8080/xmlui/handle/123456789/56742 | ||
| 856 | _uhttp://10.250.8.41:8080/xmlui/handle/123456789/56742 | ||
| 942 |
_2ddc _cCS |
||
| 999 |
_c351166 _d351166 |
||